[Event "AUTO-OPEN-4621"]
[Site "http://www.queenalice.com/game.php?id=1864788"]
[Date "2025.10.28"]
[Round "1"]
[White "miguel7"]
[Black "SGF"]
[Result "1/2-1/2"]
[WhiteElo "1810"]
[BlackElo "1838"]

1. e4 e5 2. Nf3 Qf6 3. Bc4 d6 4. d3 Bg4 5. Nc3 c6 6. Bg5 Bxf3 7. Qxf3 Qxf3 8.
gxf3 b5 9. Bb3 a5 10. a3 a4 11. Ba2 f6 12. Bxg8 Rxg8 13. Bh4 g5 14. Bg3 h5 15.
h4 Nd7 16. O-O-O Bh6 17. Kb1 g4 18. fxg4 hxg4 19. Rdf1 Nc5 20. Ne2 Ke7 21. Rd1
Rab8 22. Ka2 b4 23. axb4 Rxb4 24. f4 exf4 25. Bxf4 Bxf4 26. Nxf4 g3 27. h5 Ne6
28. Ng6+ Kf7 29. Rdg1 Nf4 30. Rxg3 Nxg6 31. hxg6+ Kf8 32. Rh8 Rxh8 33. g7+ Kg8
34. gxh8=B+ Kxh8 35. Rg6 d5 36. exd5 cxd5 37. Rxf6 Rg4 38. b3 axb3+ 39. Kxb3 Kg7
40. Rf1 Rg5 41. d4 Kh6 42. Re1 Kg6 43. Kb4 Kf6 44. Kc5 Rf5 45. Kd6 Kg6 46. Re6+
Kg5 47. Re5 Rxe5 48. Kxe5 Kg4 49. Kxd5 Kf4 50. c4 Ke3 51. c5 Kd3 52. c6 Kc3 53.
c7 Kb4 54. c8=Q Kb5 55. Ke4 Kb6 56. d5 Ka7 57. d6 Kb6 58. d7 Ka7 59. d8=Q
1/2-1/2

[Event "AUTO-OPEN-4621"]
[Site "http://www.queenalice.com/game.php?id=1864815"]
[Date "2025.10.28"]
[Round "1"]
[White "miguel7"]
[Black "BeatifulDevil56"]
[Result "0-1"]
[WhiteElo "1840"]
[BlackElo "2071"]

1. e4 c5 2. Bc4 Nc6 3. Bxf7+ Kxf7 4. Qh5+ g6 5. Qxc5 e6 6. Qc3 Bg7 7. Qf3+ Qf6
8. c3 Ne5 9. Qe2 Ne7 10. d4 N5c6 11. e5 Nxe5 12. dxe5 Qxe5 13. Qxe5 Bxe5 14. Bg5
b6 15. Nd2 Bb7 16. O-O-O h6 17. Bxe7 Kxe7 18. Ngf3 Bc7 19. Rhe1 Rhf8 20. Re3 Bf4
21. Ree1 Bxf3 22. gxf3 Bxh2 23. Nf1 Bf4+ 24. Kb1 Rac8 25. Ng3 Bxg3 26. fxg3 Rxf3
27. Rg1 Rc4 28. g4 Rff4 29. g5 h5 30. Kc2 Rg4 31. Rge1 Rxg5 32. Rd4 Rg4 33. Kd3
Rgxd4+ 34. cxd4 d5 35. b3 Rc8 36. Rf1 Rf8 37. Rg1 Kf6 38. Kc3 Kg7 39. Kb4 Rf4
40. Rd1 h4 41. Kb5 g5 42. Ka6 g4 43. Kxa7 h3 44. Kxb6 g3 45. a4 g2 46. Rc1 Rf1
0-1

[Event "AUTO-OPEN-4621"]
[Site "http://www.queenalice.com/game.php?id=1864816"]
[Date "2025.10.28"]
[Round "1"]
[White "BeatifulDevil56"]
[Black "miguel7"]
[Result "1-0"]
[WhiteElo "2115"]
[BlackElo "1844"]

1. g3 d5 2. Bg2 Nf6 3. d4 Bg4 4. h3 Bf5 5. Nc3 e6 6. g4 Be4 7. Nxe4 Be7 8. Nxf6+
Bxf6 9. c3 Nc6 10. f4 Bh4+ 11. Kd2 Na5 12. b3 O-O 13. e4 Bg3 14. Qf3 Bh4 15.
exd5 Qd6 16. Kc2 c6 17. dxc6 bxc6 18. a4 Rac8 19. Ba3 c5 20. Ne2 Qb6 21. b4 cxb4
22. Rab1 Nc6 23. Qd3 Rfd8 24. Bxc6 Qxc6 25. Bxb4 Qxa4+ 26. Kd2 Qa2+ 27. Qc2
Qxc2+ 28. Kxc2 g5 29. fxg5 Bxg5 30. h4 Be3 31. Kd3 Bf2 32. Be7 Rd7 33. Bf6 a5
34. Rb5 Ra8 35. h5 a4 36. Rg5+ Kf8 37. Rg7 Rda7 38. Rxh7 Ke8 39. Rh8+ Kd7 40.
Rxa8 Rxa8 41. h6 1-0

[Event "AUTO-OPEN-4621"]
[Site "http://www.queenalice.com/game.php?id=1864818"]
[Date "2025.10.28"]
[Round "1"]
[White "mvson33"]
[Black "miguel7"]
[Result "1-0"]
[WhiteElo "1868"]
[BlackElo "1844"]

1. d4 e5 2. dxe5 Nc6 3. Nf3 Qe7 4. Nc3 Nxe5 5. Nxe5 Qxe5 6. Bd2 Bb4 7. e3 d5 8.
Be2 Nf6 9. O-O h5 10. Rb1 Ne4 11. Nxe4 Bxd2 12. Nxd2 g6 13. Nf3 Qd6 14. Qd2 Bg4
15. Rfd1 O-O-O 16. Nd4 c6 17. Nf3 a6 18. Nd4 c5 19. Nf3 b5 20. Ng5 Qf6 21. Nf3
c4 22. Qd4 Qe7 23. Re1 Rh7 24. Qb6 Rd6 25. Qa5 f6 26. Rbd1 f5 27. Nd4 Kb7 28.
Qb4 Qd8 29. a4 Rb6 30. axb5 Qa8 31. Ra1 Kb8 32. Qa5 Rhb7 33. bxa6 Qxa6 34. Qxa6
Rxa6 35. Rxa6 Rxb2 36. Bxg4 hxg4 37. h3 gxh3 38. gxh3 Rb7 39. Rea1 Kc7 40. Ra7
1-0

[Event "AUTO-ADV-4910"]
[Site "http://www.queenalice.com/game.php?id=1867360"]
[Date "2025.12.27"]
[Round "1"]
[White "mvson33"]
[Black "miguel7"]
[Result "0-1"]
[WhiteElo "1884"]
[BlackElo "1822"]

1. e4 e5 2. Nf3 Nc6 3. Bc4 d6 4. Nc3 a6 5. O-O Bg4 6. Be2 h5 7. d3 Nd4 8. Be3
Nb5 9. Nxb5 axb5 10. Qd2 Nh6 11. a3 f5 12. exf5 Nxf5 13. Bg5 Be7 14. Bxe7 Qxe7
15. Rad1 O-O-O 16. Rfe1 b6 17. Qg5 Kd7 18. Qxe7+ Nxe7 19. Ng5 Rdf8 20. Nf3 Bxf3
21. Bxf3 g5 22. Be2 g4 23. d4 c6 24. dxe5 d5 25. Bd3 Ke6 26. Be2 Nf5 27. Bd3 Nd4
28. c3 Nb3 29. Bc2 Nc5 30. b4 Na4 31. Bxa4 bxa4 32. Rd2 Rf4 33. Rde2 Rc4 34. Re3
c5 35. bxc5 Rxc5 36. Rb1 b5 37. Rd3 h4 38. Re3 Rhc8 39. Kf1 Rxc3 40. Rxc3 Rxc3
41. Rxb5 Kxe5 42. Rb4 Rxa3 43. Rxg4 h3 44. gxh3 d4 45. Ke1 Rxh3 46. f4+ Kf5 47.
Rg5+ Kxf4 48. Rg2 Re3+ 49. Kd2 a3 50. Kd1 Rb3 51. Ra2 d3 52. Ra1 Ke3 53. h4 Rb2
54. h5 a2 0-1

[Event "AUTO-ADV-4910"]
[Site "http://www.queenalice.com/game.php?id=1867361"]
[Date "2025.12.27"]
[Round "1"]
[White "miguel7"]
[Black "mvson33"]
[Result "1-0"]
[WhiteElo "1839"]
[BlackElo "1959"]

1. e4 e5 2. Nc3 Nf6 3. f4 exf4 4. Nf3 d6 5. Qe2 Be7 6. e5 dxe5 7. Qxe5 O-O 8.
Qxf4 Nc6 9. d4 a6 10. Be3 Re8 11. O-O-O Bd7 12. d5 Nb4 13. Bc4 Bd6 14. Qh4 c6
15. dxc6 Bxc6 16. Bd4 Be7 17. Ne5 Nbd5 18. Rhf1 Rc8 19. a3 Nxc3 20. Bxf7+ Kf8
21. Bxc3 Qc7 22. Bg6 hxg6 23. Qh8# 1-0

[Event "AUTO-ADV-4910"]
[Site "http://www.queenalice.com/game.php?id=1867378"]
[Date "2025.12.27"]
[Round "1"]
[White "miguel7"]
[Black "matamuff"]
[Result "0-1"]
[WhiteElo "1858"]
[BlackElo "1901"]

1. e4 d6 2. Bc4 g6 3. d4 Bg7 4. Qf3 e6 5. Ne2 Nd7 6. Nbc3 a6 7. a4 Ne7 8. O-O
O-O 9. Bg5 h6 10. Bh4 g5 11. Bg3 Ng6 12. e5 dxe5 13. Ne4 Nf4 14. dxe5 Nxe5 15.
Qe3 Nxc4 16. Qc5 Nxe2+ 17. Kh1 Nxg3+ 18. Nxg3 Qd5 19. Qb4 Nd6 20. Rad1 Qc4 21.
Qd2 Ne4 22. Nxe4 Qxe4 23. b3 b6 24. Rfe1 Qf5 25. Qe2 Bc3 26. Rf1 Qe5 27. Qh5 Kh7
28. f4 gxf4 29. Qf3 Ra7 30. h4 Bb7 31. Qf2 f3 32. gxf3 Qf4 33. Rd3 Bf6 34. h5
Qh4+ 35. Qh2 Qxh2+ 36. Kxh2 a5 37. Rd7 Be5+ 38. f4 Bd6 39. Kg3 Bc8 40. Rxd6 cxd6
41. c4 f5 42. Kf3 Rg7 0-1

[Event "AUTO-ADV-4910"]
[Site "http://www.queenalice.com/game.php?id=1867379"]
[Date "2025.12.27"]
[Round "1"]
[White "matamuff"]
[Black "miguel7"]
[Result "0-1"]
[WhiteElo "1888"]
[BlackElo "1845"]

1. Na3 e5 2. Nc4 e4 3. d3 Nf6 4. Bg5 Bc5 5. Be3 Bxe3 6. Nxe3 O-O 7. dxe4 Nxe4 8.
c3 Qf6 9. Nh3 d6 10. Qc2 Re8 11. Nd5 Qd8 12. f3 Bxh3 13. fxe4 Be6 14. Nf4 Nc6
15. Nxe6 Rxe6 16. O-O-O Ne5 17. h3 Qh4 18. b3 c5 19. g4 Nxg4 20. Rd2 Rae8 21.
Rg1 Ne3 22. Qd3 Rxe4 23. Bg2 Qf2 24. Bxe4 Qxg1+ 25. Kb2 Qg3 26. Bxb7 Qxh3 27.
Qxd6 h5 28. Qd7 Re6 29. Qc8+ Kh7 30. Qxc5 Qh2 31. Bf3 g6 32. Qf8 Rb6 33. Qxf7+
Kh6 34. Qxa7 Qg1 35. Rd4 Rf6 36. Rd7 Qf2 37. Re7 Rxf3 38. Rh7+ Kg5 39. Qe7+ Kg4
40. Qe6+ Kh4 41. Qe7+ Rf6 42. Rf7 Qxe2+ 43. Ka3 Qa6+ 44. Kb2 Nd5 45. Qe1+ Kg5
46. Qg3+ Kh6 47. Rxf6 Qxf6 48. Qg2 Qxc3+ 49. Kb1 Nb4 50. Qe4 Nd3 51. Qe3+ Kh7
52. Qe7+ Qg7 53. Qe2 Qb2+ 54. Qxb2 Nxb2 55. Kxb2 h4 0-1